[Event "Melbourne op"]
[Site "Melbourne"]
[Date "2024.04.07"]
[Round "9"]
[White "Nemeth, John"]
[Black "Bayaca, Sterling"]
[Result "1/2-1/2"]
[WhiteElo "2153"]
[BlackElo "2178"]
[PlyCount "61"]
[EventDate "2024.04.03"]
[EventType "swiss"]
[EventRounds "9"]
[EventCountry "AUS"]
[SourceTitle "CB18_2024"]
[SourceDate "2024.05.01"]
[SourceVersion "1"]
[SourceVersionDate "2024.05.01"]
[SourceQuality "2"]

1. Nf3 d5 2. d4 Nf6 3. c4 c6 4. Nc3 e6 5. e3 a6 6. Bd3 dxc4 7. Bxc4 b5 8. Bd3 c5 9. 0-0 Bb7 10. a3 Nbd7 11. Qe2 Rc8 12. Rd1 Qc7 13. Bd2 Bd6 14. h3 0-0 15. Rac1 Qb8 16. e4 cxd4 17. Nxd4 Bc5 18. Nb3 Bb6 19. Be3 Bxe3 20. Qxe3 Ne5 21. Nc5 Qa7 22. b4 Nfd7 23. Nxd7 Qxe3 24. fxe3 Nxd7 25. Bxb5 axb5 26. Rxd7 Bxe4 27. Rdd1 Bc6 28. Rd6 g6 29. Ne2 Bd5 30. Rxc8 Rxc8 31. Nd4 1/2-1/2

[Event "Titled Tuesday intern op 08th Aug Late"]
[Site "Chess.com INT"]
[Date "2023.08.08"]
[Round "2"]
[White "Arabidze, Meri"]
[Black "Nemeth, John"]
[Result "1-0"]
[WhiteElo "2447"]
[BlackElo "2143"]
[PlyCount "79"]
[EventDate "2023.08.08"]
[EventType "swiss (blitz)"]
[EventRounds "11"]
[EventCountry "USA"]
[SourceTitle "EXT 2024"]
[Source "ChessBase"]
[SourceDate "2023.10.10"]
[SourceVersion "1"]
[SourceVersionDate "2023.10.10"]
[SourceQuality "1"]

1. d4 c5 2. d5 Nf6 3. Nc3 d6 4. e4 g6 5. Be2 Bg7 6. Nf3 0-0 7. 0-0 Bg4 8. Nd2 Bxe2 9. Qxe2 a6 10. a4 Nbd7 11. Nc4 Qc7 12. Re1 Rab8 13. a5 Rfe8 14. h3 e6 15. dxe6 Rxe6 16. Bf4 Ne5 17. Bxe5 dxe5 18. Red1 Nd7 19. Nd5 Qc8 20. b3 Nf8 21. Rd3 Qc6 22. Rad1 Rbe8 23. Ndb6 R6e7 24. c3 f6 25. Rd6 Qb5 26. Qa2 Rb8 27. Qa4 Qxa4 28. Nxa4 Ne6 29. Kh2 Kf7 30. Rd7 Kf8 31. g3 Rbe8 32. R7d6 Ng5 33. Nxc5 f5 34. exf5 gxf5 35. h4 Nf3+ 36. Kg2 e4 37. R6d5 Bxc3 38. Rxf5+ Kg7 39. Nd6 Rf8 40. Ncxe4 1-0

[Event "Titled Tuesday intern op 08th Aug Late"]
[Site "Chess.com INT"]
[Date "2023.08.08"]
[Round "5"]
[White "Domingo Nunez, Alejandro"]
[Black "Nemeth, John"]
[Result "1-0"]
[WhiteElo "2323"]
[BlackElo "2143"]
[PlyCount "33"]
[EventDate "2023.08.08"]
[EventType "swiss (blitz)"]
[EventRounds "11"]
[EventCountry "USA"]
[SourceTitle "EXT 2024"]
[Source "ChessBase"]
[SourceDate "2023.10.10"]
[SourceVersion "1"]
[SourceVersionDate "2023.10.10"]
[SourceQuality "1"]

1. Nf3 c5 2. g3 Nc6 3. d4 cxd4 4. Nxd4 g6 5. Bg2 Bg7 6. Nb3 Nf6 7. c4 d6 8. 0-0 0-0 9. Nc3 Be6 10. Nd5 Re8 11. Bg5 Nd7 12. Qd2 Nb6 13. Rac1 f6 14. Be3 Nd7 15. Rfd1 a5 16. a4 b6 17. Nf4 1-0

[Event "Titled Tuesday intern op 01st Aug Late"]
[Site "Chess.com INT"]
[Date "2023.08.01"]
[Round "3"]
[White "Domingo Nunez, Ruben"]
[Black "Nemeth, John"]
[Result "1-0"]
[WhiteElo "2420"]
[BlackElo "2143"]
[PlyCount "53"]
[EventDate "2023.08.01"]
[EventType "swiss (blitz)"]
[EventRounds "11"]
[EventCountry "USA"]
[SourceTitle "EXT 2024"]
[Source "ChessBase"]
[SourceDate "2023.10.10"]
[SourceVersion "1"]
[SourceVersionDate "2023.10.10"]
[SourceQuality "1"]

1. b3 Nf6 2. Bb2 e6 3. Nf3 d5 4. e3 Be7 5. g4 c5 6. g5 Nfd7 7. Bxg7 Rg8 8. Bb2 Nc6 9. h4 Qc7 10. c4 Nb6 11. cxd5 Nxd5 12. Nc3 b6 13. Bd3 Bb7 14. Bxh7 Rf8 15. Nxd5 exd5 16. Bg7 0-0-0 17. Bf5+ Kb8 18. Bxf8 Bxf8 19. h5 Bg7 20. h6 Bh8 21. Rc1 Ba6 22. d4 cxd4 23. Nxd4 Bxd4 24. Qc2 Bxe3 25. fxe3 Qe5 26. Qh2 Re8 27. Rxc6 1-0

[Event "Titled Tuesday intern op 01st Aug Late"]
[Site "Chess.com INT"]
[Date "2023.08.01"]
[Round "2"]
[White "Hartikainen, Jarmo"]
[Black "Nemeth, John"]
[Result "0-1"]
[WhiteElo "2108"]
[BlackElo "2143"]
[PlyCount "60"]
[EventDate "2023.08.01"]
[EventType "swiss (blitz)"]
[EventRounds "11"]
[EventCountry "USA"]
[SourceTitle "EXT 2024"]
[Source "ChessBase"]
[SourceDate "2023.10.10"]
[SourceVersion "1"]
[SourceVersionDate "2023.10.10"]
[SourceQuality "1"]

1. e4 c5 2. c3 d5 3. exd5 Qxd5 4. d4 Nf6 5. Nf3 Bg4 6. Be2 e6 7. Na3 Nbd7 8. Be3 cxd4 9. Nb5 Rc8 10. Nbxd4 Bc5 11. 0-0 0-0 12. Nc2 Rfd8 13. Qxd5 Nxd5 14. Bxc5 Nxc5 15. Nfd4 Bxe2 16. Nxe2 Na4 17. Rab1 Ndb6 18. Ncd4 e5 19. Nf5 Kf8 20. Rfe1 Rd2 21. Neg3 f6 22. Ne4 Rxb2 23. Rxb2 Nxb2 24. Nfd6 Rc7 25. Rb1 N2a4 26. Rb3 Nc4 27. Rxb7 Rc6 28. Rxa7 Nxd6 29. Nxd6 Rxd6 30. Rxa4 Rd1# 0-1

[Event "Titled Tuesday intern op 01st Aug Late"]
[Site "Chess.com INT"]
[Date "2023.08.01"]
[Round "4"]
[White "Nemeth, John"]
[Black "Feliz Dotel, Dewar Bienvenido"]
[Result "0-1"]
[WhiteElo "2143"]
[BlackElo "1984"]
[PlyCount "66"]
[EventDate "2023.08.01"]
[EventType "swiss (blitz)"]
[EventRounds "11"]
[EventCountry "USA"]
[SourceTitle "EXT 2024"]
[Source "ChessBase"]
[SourceDate "2023.10.10"]
[SourceVersion "1"]
[SourceVersionDate "2023.10.10"]
[SourceQuality "1"]

1. Nf3 d5 2. c4 e6 3. g3 c5 4. Bg2 Nc6 5. cxd5 exd5 6. 0-0 Nf6 7. d4 Be7 8. dxc5 Bxc5 9. Nbd2 0-0 10. Nb3 Bb6 11. Bf4 Bg4 12. Qd3 Re8 13. h3 Bh5 14. Bg5 Bg6 15. Qd2 Qd6 16. Bf4 Qb4 17. Qxb4 Nxb4 18. a3 Nc2 19. Rac1 Rxe2 20. Ne5 Nd4 21. Nxd4 Bxd4 22. Nxg6 hxg6 23. b4 a5 24. Rc7 b6 25. Bf3 Rb2 26. bxa5 Rxa5 27. Bg5 Ne4 28. Bxe4 dxe4 29. Be7 Re5 30. Bb4 e3 31. fxe3 Rxe3 32. Kh1 Rxg3 33. Rcxf7 Rxh3# 0-1

[Event "Titled Tuesday intern op 01st Aug Early"]
[Site "Chess.com INT"]
[Date "2023.08.01"]
[Round "10"]
[White "Nemeth, John"]
[Black "Mendez Fortes, Eduardo Jesus"]
[Result "0-1"]
[WhiteElo "2143"]
[BlackElo "2231"]
[PlyCount "150"]
[EventDate "2023.08.01"]
[EventType "swiss (blitz)"]
[EventRounds "11"]
[EventCountry "USA"]
[SourceTitle "EXT 2024"]
[Source "ChessBase"]
[SourceDate "2023.10.10"]
[SourceVersion "1"]
[SourceVersionDate "2023.10.10"]
[SourceQuality "1"]

1. Nf3 d5 2. b3 Nf6 3. Bb2 e6 4. g3 c5 5. d4 Nc6 6. Bg2 cxd4 7. Nxd4 Bb4+ 8. c3 Bd6 9. 0-0 0-0 10. Na3 Bd7 11. c4 Nxd4 12. Qxd4 e5 13. Qd2 d4 14. Bxb7 Rb8 15. Bg2 Bb4 16. Qd3 Re8 17. Nc2 Bc5 18. Ba3 Bb6 19. c5 Bc7 20. c6 Be6 21. Rac1 Nd5 22. Qd2 Nc3 23. Ne1 e4 24. Rxc3 dxc3 25. Qxc3 Qd5 26. Nc2 Be5 27. Qc5 Qxc5 28. Bxc5 Rb5 29. Bd4 Rc8 30. Bxe4 Bxd4 31. Nxd4 Rb4 32. e3 a5 33. Rc1 Kf8 34. Bxh7 Rxd4 35. exd4 g6 36. Rc5 Ke7 37. d5 Bg4 38. Rxa5 Bf3 39. Kf1 Kd6 40. Ke1 Rh8 41. Bxg6 fxg6 42. Ra6 Bxd5 43. c7+ Bc6 44. h4 Kxc7 45. b4 Re8+ 46. Kd2 Re4 47. a3 Re5 48. Kd3 Rf5 49. Ke3 Rf3+ 50. Ke2 Rf6 51. Ra5 Kb6 52. f4 Bb5+ 53. Ke3 Re6+ 54. Kf3 Be2+ 55. Kf2 Bd3 56. Rc5 Bb5 57. Kf3 Rd6 58. Kg4 Rd3 59. Re5 Bd7+ 60. Kg5 Rxg3+ 61. Kf6 Bf5 62. Rxf5 gxf5 63. Kxf5 Kc6 64. h5 Kd6 65. b5 Rxa3 66. Kf6 Ra8 67. h6 Rf8+ 68. Kg5 Ke7 69. Kg6 Rxf4 70. h7 Rg4+ 71. Kh5 Rg1 72. Kh6 Kf7 73. h8N+ Kf6 74. Kh7 Rg7+ 75. Kh6 Rg5 0-1

[Event "Titled Tuesday intern op 01st Aug Early"]
[Site "Chess.com INT"]
[Date "2023.08.01"]
[Round "4"]
[White "Nemeth, John"]
[Black "Mishra, Manoj"]
[Result "1-0"]
[WhiteElo "2143"]
[BlackElo "1902"]
[PlyCount "93"]
[EventDate "2023.08.01"]
[EventType "swiss (blitz)"]
[EventRounds "11"]
[EventCountry "USA"]
[SourceTitle "EXT 2024"]
[Source "ChessBase"]
[SourceDate "2023.10.10"]
[SourceVersion "1"]
[SourceVersionDate "2023.10.10"]
[SourceQuality "1"]

1. Nf3 Nf6 2. b3 g6 3. Bb2 Bg7 4. c4 0-0 5. g3 d6 6. Bg2 e5 7. d3 c5 8. 0-0 Nc6 9. Nc3 Rb8 10. e3 a6 11. d4 Bg4 12. dxe5 dxe5 13. h3 Bf5 14. Nd5 e4 15. Nh4 Nxd5 16. Bxg7 Kxg7 17. Nxf5+ gxf5 18. cxd5 Nb4 19. d6 Qd7 20. Qh5 Rbd8 21. Rfd1 Qe6 22. Bf1 h6 23. Rac1 b6 24. a3 Nc6 25. b4 Ne5 26. bxc5 Nf3+ 27. Kg2 bxc5 28. Rxc5 Rxd6 29. Rxd6 Qxd6 30. Qxf5 Ne1+ 31. Kh1 Qg6 32. Qxg6+ fxg6 33. Rc1 Nf3 34. Be2 Nd2 35. Kg2 Rf7 36. Bxa6 Ra7 37. Rc6 Nb3 38. a4 Na5 39. Rd6 Nb3 40. Bb5 Nc5 41. Rd4 Kf6 42. Rd6+ Ke5 43. Rxg6 h5 44. Rh6 Ne6 45. Rxh5+ Kd6 46. Rh6 Rg7 47. Bc4 1-0

[Event "Titled Tuesday intern op 01st Aug Early"]
[Site "Chess.com INT"]
[Date "2023.08.01"]
[Round "1"]
[White "Nemeth, John"]
[Black "Neiksans, Arturs"]
[Result "1/2-1/2"]
[WhiteElo "2143"]
[BlackElo "2587"]
[PlyCount "149"]
[EventDate "2023.08.01"]
[EventType "swiss (blitz)"]
[EventRounds "11"]
[EventCountry "USA"]
[SourceTitle "EXT 2024"]
[Source "ChessBase"]
[SourceDate "2023.10.10"]
[SourceVersion "1"]
[SourceVersionDate "2023.10.10"]
[SourceQuality "1"]

1. Nf3 Nf6 2. b3 b6 3. Bb2 Bb7 4. g3 g6 5. Bg2 Bg7 6. 0-0 0-0 7. c4 c5 8. Nc3 Na6 9. d4 cxd4 10. Qxd4 d6 11. Rad1 Nc5 12. Nd5 b5 13. Ne3 Nce4 14. Qd3 bxc4 15. Nxc4 Ba6 16. Nfd2 Nxd2 17. Qxd2 Rc8 18. Ne3 Re8 19. Rc1 e6 20. Rxc8 Bxc8 21. Rc1 d5 22. h4 Ba6 23. Rc6 Bb5 24. Rc5 Qb8 25. Qc3 Bxe2 26. Qc2 Ba6 27. Rc6 Rc8 28. Rxc8+ Qxc8 29. Qd2 Bb7 30. Qd4 Nh5 31. Qd2 Qc5 32. Bxg7 Kxg7 33. Ng4 Kg8 34. Qb2 Kf8 35. Qh8+ Ke7 36. Qxh7 Nxg3 37. Ne5 Ne2+ 38. Kf1 Qc1+ 39. Kxe2 Qb2+ 40. Kf1 Qxe5 41. Qg8 Ba6+ 42. Kg1 Qe1+ 43. Kh2 Qxf2 44. Qb8 Qxh4+ 45. Kg1 Qd4+ 46. Kh2 Bd3 47. Qc7+ Kf6 48. Qd8+ Kg7 49. Qc7 g5 50. Qd8 Qf4+ 51. Kh1 Be4 52. Bxe4 Qxe4+ 53. Kg1 Qe3+ 54. Kg2 Qf4 55. b4 g4 56. b5 g3 57. a4 Qf2+ 58. Kh3 Qe3 59. a5 Kg6 60. b6 axb6 61. axb6 Qf3 62. Qg8+ Kf6 63. Qxg3 Qf1+ 64. Kh4 Qh1+ 65. Qh3 Qe1+ 66. Qg3 Qe4+ 67. Kh5 Qh7+ 68. Kg4 Qf5+ 69. Kh4 Qh7+ 70. Kg4 Qg6+ 71. Kh4 Qh6+ 72. Kg4 Qg5+ 73. Kh3 Qf5+ 74. Kh4 Qh7+ 75. Kg4 1/2-1/2

[Event "Titled Tuesday intern op 01st Aug Early"]
[Site "Chess.com INT"]
[Date "2023.08.01"]
[Round "6"]
[White "Sadykov, Ramil"]
[Black "Nemeth, John"]
[Result "1-0"]
[WhiteElo "2338"]
[BlackElo "2143"]
[PlyCount "45"]
[EventDate "2023.08.01"]
[EventType "swiss (blitz)"]
[EventRounds "11"]
[EventCountry "USA"]
[SourceTitle "EXT 2024"]
[Source "ChessBase"]
[SourceDate "2023.10.10"]
[SourceVersion "1"]
[SourceVersionDate "2023.10.10"]
[SourceQuality "1"]

1. e4 c5 2. Nf3 Nc6 3. Bb5 g6 4. Bxc6 dxc6 5. d3 Bg7 6. h3 Nf6 7. Nc3 0-0 8. Be3 b6 9. Qd2 e5 10. Bh6 Qc7 11. 0-0 b5 12. b3 c4 13. bxc4 bxc4 14. Bxg7 Kxg7 15. d4 exd4 16. Qxd4 Be6 17. Ng5 Qe7 18. Rfd1 Rfd8 19. Qe5 Rxd1+ 20. Rxd1 Rd8 21. Rxd8 Qxd8 22. Qxe6 Qd1+ 23. Nxd1 1-0

[Event "Titled Tuesday intern op 25th Jul Late"]
[Site "Chess.com INT"]
[Date "2023.07.25"]
[Round "1"]
[White "Nazari, Arad"]
[Black "Nemeth, John"]
[Result "0-1"]
[WhiteElo "2358"]
[BlackElo "2135"]
[PlyCount "58"]
[EventDate "2023.07.25"]
[EventType "swiss (blitz)"]
[EventRounds "11"]
[EventCountry "USA"]
[SourceTitle "EXT 2024"]
[Source "ChessBase"]
[SourceDate "2023.10.10"]
[SourceVersion "1"]
[SourceVersionDate "2023.10.10"]
[SourceQuality "1"]

1. e4 c5 2. Nf3 Nc6 3. Bb5 g6 4. Bxc6 dxc6 5. d3 Bg7 6. h3 Nf6 7. Be3 b6 8. Nc3 0-0 9. Qd2 e5 10. Bh6 Qc7 11. 0-0-0 Be6 12. g4 Rad8 13. Bxg7 Kxg7 14. Qg5 Nd7 15. Rdg1 h6 16. Qe3 c4 17. d4 exd4 18. Nxd4 Nc5 19. f4 Rfe8 20. e5 Qd7 21. Rd1 Nd3+ 22. cxd3 Qxd4 23. Qg3 cxd3 24. f5 Bxa2 25. Nxa2 d2+ 26. Kb1 Rxe5 27. fxg6 fxg6 28. Rhf1 Qd3+ 29. Ka1 Qxg3 0-1

[Event "Titled Tuesday intern op 25th Jul Late"]
[Site "Chess.com INT"]
[Date "2023.07.25"]
[Round "9"]
[White "Novikova, Margarita"]
[Black "Nemeth, John"]
[Result "0-1"]
[WhiteElo "1995"]
[BlackElo "2135"]
[PlyCount "142"]
[EventDate "2023.07.25"]
[EventType "swiss (blitz)"]
[EventRounds "11"]
[EventCountry "USA"]
[SourceTitle "EXT 2024"]
[Source "ChessBase"]
[SourceDate "2023.10.10"]
[SourceVersion "1"]
[SourceVersionDate "2023.10.10"]
[SourceQuality "1"]

1. e4 c5 2. Nc3 Nc6 3. d3 g6 4. Be3 Nd4 5. Qd2 Bg7 6. Nd1 d5 7. c3 Nc6 8. Bxc5 dxe4 9. dxe4 Qc7 10. Ne3 Nf6 11. Nd5 Qe5 12. Nxf6+ Bxf6 13. Qe3 Bg5 14. Bd4 Bxe3 15. Bxe5 Bxf2+ 16. Kxf2 Nxe5 17. h3 Be6 18. Nf3 Nxf3 19. gxf3 0-0-0 20. h4 Rd2+ 21. Ke3 Rxb2 22. Bh3 Bxh3 23. Rxh3 Rd8 24. h5 e5 25. f4 Rbd2 26. Kf3 R8d3+ 27. Kg4 Rxh3 28. Kxh3 exf4 29. hxg6 hxg6 30. Kg4 Rc2 31. Kxf4 Rxc3 32. Ke5 Kd7 33. Rf1 Ke7 34. Kd4 Rc2 35. a3 Ke6 36. Rb1 b6 37. Rb5 Rc5 38. Rb3 Rh5 39. Rc3 Kd6 40. Rc8 Rh4 41. Ra8 f5 42. Rxa7 Rxe4+ 43. Kd3 Re6 44. Rb7 Ke5 45. a4 g5 46. Rg7 Kf4 47. Kc4 g4 48. Kd5 Rh6 49. Kd4 g3 50. Kd3 Rd6+ 51. Ke2 Rd4 52. Rg6 Rxa4 53. Rxb6 Ra2+ 54. Kf1 Kf3 55. Rb3+ Kg4 56. Kg1 f4 57. Rb1 Kh3 58. Rf1 f3 59. Rxf3 Ra1+ 60. Rf1 Rxf1+ 61. Kxf1 Kh2 62. Ke2 g2 63. Kf3 g1Q 64. Ke4 Qc5 65. Kd3 Kg3 66. Ke2 Kf4 67. Kd3 Kf3 68. Kd2 Ke4 69. Ke2 Qc2+ 70. Kf1 Kf3 71. Kg1 Qg2# 0-1

[Event "Titled Tuesday intern op 31st Jan Late"]
[Site "Chess.com INT"]
[Date "2023.01.31"]
[Round "4"]
[White "Nemeth, John"]
[Black "Sahakyan, Aleks"]
[Result "0-1"]
[WhiteElo "2157"]
[BlackElo "2307"]
[PlyCount "80"]
[EventDate "2023.01.31"]
[EventType "swiss (blitz)"]
[EventRounds "11"]
[EventCountry "USA"]
[SourceTitle "CBM 212 Extra"]
[Source "ChessBase"]
[SourceDate "2023.03.31"]
[SourceVersion "1"]
[SourceVersionDate "2023.03.31"]
[SourceQuality "1"]

1. Nf3 d5 2. c4 e6 3. g3 dxc4 4. Qa4+ Nd7 5. Qxc4 a6 6. Bg2 b5 7. Qc2 Bb7 8. 0-0 c5 9. a4 Ngf6 10. Rd1 Be7 11. d4 Rc8 12. axb5 axb5 13. dxc5 Bxc5 14. Qb3 Qb6 15. e3 Bd5 16. Qd3 0-0 17. Nc3 Bb3 18. Re1 Bc4 19. Qb1 Bb3 20. Nd4 Bxd4 21. exd4 b4 22. Ne4 Bc2 23. Nxf6+ Nxf6 24. Qa2 Qxd4 25. Be3 Qd3 26. Qa5 b3 27. Ra4 Nd5 28. Bxd5 Qxd5 29. Qxd5 exd5 30. Rg4 Rfe8 31. Ra1 Ra8 32. Rxa8 Rxa8 33. Bd4 Bg6 34. Bc3 h5 35. Rf4 Bd3 36. f3 Bc4 37. Kg2 Re8 38. Rh4 Re2+ 39. Kg1 Re3 40. Kf2 Rxc3 0-1

[Event "Titled Tuesday intern op 10th Jan Late"]
[Site "Chess.com INT"]
[Date "2023.01.10"]
[Round "3"]
[White "Goltsev, Dmitry"]
[Black "Nemeth, John"]
[Result "1-0"]
[WhiteElo "2216"]
[BlackElo "2157"]
[PlyCount "115"]
[EventDate "2023.01.10"]
[EventType "swiss (blitz)"]
[EventRounds "11"]
[EventCountry "USA"]
[SourceTitle "EXT 2024"]
[Source "ChessBase"]
[SourceDate "2023.10.10"]
[SourceVersion "1"]
[SourceVersionDate "2023.10.10"]
[SourceQuality "1"]

1. e4 c5 2. Nf3 Nc6 3. d4 cxd4 4. Nxd4 g6 5. Nxc6 bxc6 6. Qd4 Nf6 7. e5 Nd5 8. e6 Nf6 9. exf7+ Kxf7 10. Nc3 Bg7 11. Be3 Rf8 12. Be2 d5 13. 0-0 Kg8 14. Qc5 Qd6 15. Qxd6 exd6 16. Rad1 Bf5 17. Rd2 Be6 18. h3 Rab8 19. b3 c5 20. Nb5 Ne4 21. Rdd1 d4 22. Bc1 a6 23. Nc7 Bd7 24. Bxa6 Nc3 25. Rde1 Nxa2 26. Bg5 Nc3 27. Be7 Rf5 28. Bxd6 Rb6 29. Bg3 Nd5 30. Nxd5 Rxa6 31. Ne7+ Kf7 32. Nxf5 Bxf5 33. Rc1 Ra2 34. Bd6 Bxc2 35. Bxc5 d3 36. Be3 Bxb3 37. Rc7+ Kf8 38. Rb1 d2 39. Bxd2 Rxd2 40. Rc8+ Ke7 41. Rxb3 Rd1+ 42. Kh2 Be5+ 43. g3 Rd2 44. Kg2 Bd4 45. Rf3 h5 46. Rg8 h4 47. Rxg6 hxg3 48. Rgxg3 Be5 49. Rg4 Kd6 50. h4 Rd1 51. h5 Ra1 52. h6 Ra8 53. h7 Rh8 54. Rf7 Ke6 55. Rb7 Bf6 56. Rg8 Kf5 57. Rxh8 Bxh8 58. Rb8 1-0

[Event "Titled Tuesday intern op 10th Jan Late"]
[Site "Chess.com INT"]
[Date "2023.01.10"]
[Round "2"]
[White "Nemeth, John"]
[Black "Stalmach, Richard"]
[Result "1-0"]
[WhiteElo "2157"]
[BlackElo "2423"]
[PlyCount "69"]
[EventDate "2023.01.10"]
[EventType "swiss (blitz)"]
[EventRounds "11"]
[EventCountry "USA"]
[SourceTitle "EXT 2024"]
[Source "ChessBase"]
[SourceDate "2023.10.10"]
[SourceVersion "1"]
[SourceVersionDate "2023.10.10"]
[SourceQuality "1"]

1. Nf3 g6 2. g3 Bg7 3. Bg2 d6 4. 0-0 Nf6 5. b3 0-0 6. Bb2 e5 7. d3 c6 8. c4 h6 9. Nbd2 Be6 10. e4 Nbd7 11. d4 exd4 12. Nxd4 Re8 13. Nxe6 Rxe6 14. Qc2 a5 15. Rae1 Nc5 16. Kh1 h5 17. f4 Qc7 18. e5 Ng4 19. f5 gxf5 20. Qxf5 Nxe5 21. Ne4 Nxe4 22. Bxe4 Ng6 23. Bxg7 Kxg7 24. Qxh5 Rae8 25. Qg4 Qe7 26. Rf4 d5 27. cxd5 cxd5 28. Ref1 dxe4 29. h4 e3 30. h5 e2 31. Re1 Rh8 32. Kg2 Qd6 33. hxg6 Rxg6 34. Qf3 f5 35. Rxe2 1-0

[Event "Titled Tuesday intern op 29th Nov Late"]
[Site "Chess.com INT"]
[Date "2022.11.29"]
[Round "11"]
[White "Nemeth, John"]
[Black "Aldokhin, Ivan"]
[Result "0-1"]
[WhiteElo "2164"]
[BlackElo "2413"]
[PlyCount "58"]
[EventDate "2022.11.29"]
[EventType "swiss (blitz)"]
[EventRounds "11"]
[EventCountry "USA"]
[SourceTitle "EXT 2024"]
[Source "ChessBase"]
[SourceDate "2023.10.10"]
[SourceVersion "1"]
[SourceVersionDate "2023.10.10"]
[SourceQuality "1"]

1. Nf3 Nf6 2. g3 g6 3. Bg2 Bg7 4. 0-0 0-0 5. b3 d6 6. Bb2 c5 7. c4 Nc6 8. d4 cxd4 9. Nxd4 Nxd4 10. Qxd4 Ne8 11. Qd2 Bxb2 12. Qxb2 Nf6 13. Nc3 Qb6 14. Rad1 Bd7 15. Rfe1 a5 16. e4 Bc6 17. e5 dxe5 18. Rxe5 Bxg2 19. Kxg2 e6 20. Nb5 Rfd8 21. Ree1 Ng4 22. Qe2 h5 23. Qf3 a4 24. h3 Nh6 25. Qf4 Nf5 26. g4 Qc6+ 27. Kh2 Nh4 28. Rxd8+ Rxd8 29. Qf6 Qg2# 0-1

[Event "Titled Tuesday intern op 29th Nov Late"]
[Site "Chess.com INT"]
[Date "2022.11.29"]
[Round "8"]
[White "Sanchez, Roberto Daniel"]
[Black "Nemeth, John"]
[Result "0-1"]
[WhiteElo "1971"]
[BlackElo "2164"]
[PlyCount "68"]
[EventDate "2022.11.29"]
[EventType "swiss (blitz)"]
[EventRounds "11"]
[EventCountry "USA"]
[SourceTitle "EXT 2024"]
[Source "ChessBase"]
[SourceDate "2023.10.10"]
[SourceVersion "1"]
[SourceVersionDate "2023.10.10"]
[SourceQuality "1"]

1. e4 c5 2. Nf3 Nc6 3. d4 cxd4 4. Nxd4 g6 5. c4 Bg7 6. Nc2 Nf6 7. Nc3 0-0 8. Be3 d6 9. f3 Be6 10. Qd2 Nd7 11. Be2 a5 12. 0-0 a4 13. Rab1 Qa5 14. Bh6 Bxh6 15. Qxh6 Rac8 16. Kh1 Nb4 17. Ne3 Ne5 18. f4 Bxc4 19. Rf3 Nxf3 20. Bxf3 Nd3 21. Ncd5 Bxd5 22. Nxd5 Rfe8 23. h3 Qd2 24. Kh2 Rc1 25. Rxc1 Qxc1 26. Bg4 Nc5 27. b4 axb3 28. axb3 Nxe4 29. Bd7 Qd2 30. Bxe8 Qxd5 31. Qh4 Qxb3 32. Qxe7 Qe6 33. Bxf7+ Qxf7 34. Qxe4 b5 0-1

[Event "Titled Tuesday intern op 22nd Nov Late"]
[Site "Chess.com INT"]
[Date "2022.11.22"]
[Round "5"]
[White "Kleiman, Jake"]
[Black "Nemeth, John"]
[Result "1-0"]
[WhiteElo "2399"]
[BlackElo "2164"]
[PlyCount "77"]
[EventDate "2022.11.22"]
[EventType "swiss (blitz)"]
[EventRounds "11"]
[EventCountry "USA"]
[SourceTitle "CBM 211 Extra"]
[Source "ChessBase"]
[SourceDate "2023.01.31"]
[SourceVersion "1"]
[SourceVersionDate "2023.01.31"]
[SourceQuality "1"]

1. e4 c5 2. c3 d5 3. exd5 Qxd5 4. d4 Nf6 5. Nf3 Bg4 6. Nbd2 e6 7. Bc4 Qd7 8. Qb3 Bd6 9. Ne5 Qc7 10. Bb5+ Nc6 11. Ndc4 0-0 12. Nxg4 Nxg4 13. h3 Nf6 14. Nxd6 Qxd6 15. dxc5 Qxc5 16. Be3 Qe5 17. 0-0 Nd5 18. Bd2 Rab8 19. Rfe1 Qf5 20. Rad1 Ne5 21. Bc1 Nf4 22. Bf1 Nxh3+ 23. gxh3 Nf3+ 24. Kg2 Nh4+ 25. Kh1 Qf3+ 26. Kg1 Qf6 27. Qc4 Nf3+ 28. Kg2 Nxe1+ 29. Rxe1 Rfd8 30. Be3 b5 31. Qf4 Qg6+ 32. Kh2 h6 33. Be2 a6 34. Rg1 Qc2 35. Qxh6 g6 36. Bh5 Rb7 37. Bxg6 fxg6 38. Rxg6+ Kf7 39. Qh7+ 1-0

[Event "Titled Tuesday intern op 22nd Nov Late"]
[Site "Chess.com INT"]
[Date "2022.11.22"]
[Round "2"]
[White "Sailer, Mike L"]
[Black "Nemeth, John"]
[Result "0-1"]
[WhiteElo "2109"]
[BlackElo "2164"]
[PlyCount "70"]
[EventDate "2022.11.22"]
[EventType "swiss (blitz)"]
[EventRounds "11"]
[EventCountry "USA"]
[SourceTitle "CBM 211 Extra"]
[Source "ChessBase"]
[SourceDate "2023.01.31"]
[SourceVersion "1"]
[SourceVersionDate "2023.01.31"]
[SourceQuality "1"]

1. Nf3 c5 2. c4 Nc6 3. g3 Nf6 4. Bg2 g6 5. 0-0 Bg7 6. Nc3 0-0 7. a3 d5 8. cxd5 Nxd5 9. Nxd5 Qxd5 10. d3 Qd6 11. Rb1 Bf5 12. Bd2 Rac8 13. Bc3 Nd4 14. Nxd4 cxd4 15. Bb4 Qd7 16. Rc1 b6 17. a4 Rxc1 18. Qxc1 Rc8 19. Qd2 Qc7 20. h3 e5 21. Kh2 Be6 22. a5 bxa5 23. Bxa5 Qc2 24. f4 Qxd2 25. Bxd2 Rc2 26. Rd1 Rxb2 27. fxe5 Bb3 28. Bc1 Rxe2 29. Rf1 Bxe5 30. Ba3 Bd5 31. Rg1 a5 32. h4 h5 33. Kh3 Bxg2+ 34. Rxg2 Re3 35. Bc5 Rxd3 0-1

[Event "Begonia op 54th"]
[Site "Ballarat"]
[Date "2020.03.08"]
[Round "5"]
[White "Nemeth, John"]
[Black "Chapman, Mark"]
[Result "1/2-1/2"]
[WhiteElo "2180"]
[BlackElo "2376"]
[PlyCount "35"]
[EventDate "2020.03.07"]
[EventType "swiss"]
[EventRounds "7"]
[EventCountry "AUS"]
[SourceTitle "CBM 195 Extra"]
[Source "ChessBase"]
[SourceDate "2020.05.31"]
[SourceVersion "1"]
[SourceVersionDate "2020.05.31"]
[SourceQuality "1"]

1. e4 e5 2. Nf3 Nc6 3. Bb5 a6 4. Ba4 Nf6 5. 0-0 Be7 6. Re1 b5 7. Bb3 d6 8. c3 0-0 9. h3 Be6 10. d4 Bxb3 11. Qxb3 exd4 12. cxd4 d5 13. e5 Ne4 14. Nc3 Nxc3 15. Qxc3 Qd7 16. Bd2 Rfc8 17. Qd3 b4 18. Rac1 1/2-1/2

[Event "Begonia op 53rd"]
[Site "Ballarat"]
[Date "2019.03.10"]
[Round "5"]
[White "Fernandez, Daniel Howard"]
[Black "Nemeth, John"]
[Result "1-0"]
[WhiteElo "2471"]
[BlackElo "2147"]
[PlyCount "77"]
[EventDate "2019.03.09"]
[EventType "swiss"]
[EventRounds "7"]
[EventCountry "AUS"]
[SourceTitle "CBM 189 Extra"]
[Source "ChessBase"]
[SourceDate "2019.06.03"]
[SourceVersion "1"]
[SourceVersionDate "2019.06.03"]
[SourceQuality "1"]

1. e4 c5 2. Nf3 Nc6 3. Bb5 g6 4. 0-0 Bg7 5. a4 Nf6 6. Bxc6 dxc6 7. d3 0-0 8. h3 Qc7 9. a5 e5 10. Be3 c4 11. Qd2 cxd3 12. cxd3 Be6 13. Bh6 Rad8 14. Bxg7 Kxg7 15. Qc3 Nd7 16. d4 exd4 17. Nxd4 Kg8 18. a6 Rfe8 19. axb7 Qxb7 20. Nd2 c5 21. Nxe6 Rxe6 22. Rfd1 Nf8 23. e5 Qd5 24. Ne4 Qxd1+ 25. Rxd1 Rxd1+ 26. Kh2 Nd7 27. f4 Rb6 28. Qa5 Rd4 29. Qxa7 Rxb2 30. f5 gxf5 31. Nf6+ Nxf6 32. exf6 Rbd2 33. Qxc5 h6 34. Qe5 Re4 35. Qb8+ Kh7 36. Qf8 Kg6 37. Qg7+ Kh5 38. Qxf7+ Kh4 39. Qg6 1-0